1991 Best NBA Players - Statistics

General Stats
  • This quiz has been taken 20 times
  • The average score is 51 of 97
Answer Stats
Hint Answer % Correct
Celtics Larry Bird
100%
Bulls Michael Jordan
100%
Bulls Scottie Pippen
100%
Hawks Dominique Wilkins
95%
Trail Blazers Clifford Robinson
89%
Lakers Cliff Robinson
89%
Spurs David Robinson
89%
Supersonics Eddie Johnson
89%
Rockets Hakeem Olajuwon
89%
Jazz Jeff Malone
89%
Jazz Karl Malone
89%
Suns Kevin Johnson
89%
Hornets Larry Johnson
89%
Bucks Moses Malone
89%
Knicks Patrick Ewing
89%
76ers Charles Barkley
84%
Clippers Charles Smith
84%
Trail Blazers Clyde Drexler
84%
Pistons Dennis Rodman
84%
Jazz John Stockton
84%
Rockets Kenny Smith
84%
Celtics Kevin Mchale
84%
Pacers Reggie Miller
84%
Celtics Robert Parish
84%
Pistons Isiah Thomas
79%
Lakers James Worthy
74%
Knicks Mark Jackson
74%
Cavaliers Mark Price
74%
Warriors Chris Mullin
68%
Pistons Joe Dumars
68%
Hornets Muggsy Bogues
68%
Warriors Tim Hardaway
68%
Cavaliers Brad Daugherty
63%
Bullets Harvey Grant
63%
Bulls Horace Grant
63%
Pacers Rik Smits
63%
Supersonics Shawn Kemp
63%
Trail Blazers Buck Williams
58%
Lakers Byron Scott
58%
Cavaliers Hot Rod Williams
58%
Pacers Micheal Williams
58%
Nuggets Reggie Williams
58%
Trail Blazers Terry Porter
58%
Pacers Detlef Schrempf
53%
Supersonics Gary Payton
53%
Knicks John Starks
53%
Cavaliers Larry Nance
53%
Kings Mitch Richmond
53%
Kings Spud Webb
53%
Lakers Vlade Divac
53%
Knicks Charles Oakley
47%
Mavericks Derek Harper
47%
Nets Derrick Coleman
47%
Heat Glen Rice
47%
Suns Tom Chambers
47%
Suns Dan Majerle
42%
Hornets Dell Curry
42%
Trail Blazers Kevin Duckworth
42%
Magic Nick Anderson
42%
Rockets Otis Thorpe
42%
Mavericks Rolando Blackman
42%
Clippers Ron Harper
42%
Spurs Sean Elliot
42%
Bucks Alvin Robertson
37%
Bucks Dale Ellis
37%
Nuggets Dikembe Mutombo
37%
Nets Dražen Petrović
37%
Suns Jeff Hornacek
37%
Celtics Reggie Lewis
37%
Rockets Vernon Maxwell
37%
Lakers A.C Green
32%
Clippers Danny Manning
32%
Clippers Doc Rivers
32%
Hawks Kevin Willis
32%
Trail Blazers Jerome Kersey
26%
Hornets Kendall Gill
26%
Bullets Michael Adams
26%
Heat Rony Seikaly
26%
Lakers Sam Perkins
26%
Spurs Terry Cummings
26%
Timberwolves Tony Campbell
26%
Heat Grant Long
21%
76ers Hersey Hawkins
21%
76ers Manute Bol
21%
Magic Scott Skiles
21%
Bullets Pervis Ellison
16%
Bullets Ralph Sampson
16%
Pacers Chuck Person
11%
Supersonics Derrick Mckey
11%
Kings Lionel Simmons
11%
Supersonics Ricky Pierce
11%
Nets Sam Bowie
11%
Kings Wayman Tisdale
11%
Knicks Xavier Mcdaniels
11%
Bucks Jay Humphries
5%
Warriors Šarūnas Marčiulionis
5%
Pacers Vern Fleming
0%
No matching quizzes found
Score Distribution
Percent of People with Each Score
Percentile by Number Answered
Your Score History
You have not taken this quiz